Felt Good About You - Gracie Abrams - Statistics

General Stats
  • This quiz has been taken 131 times
  • The average score is 247 of 289
Answer Stats
Hint Answer % Correct
a
100%
about
100%
didn't
100%
felt
100%
Felt
100%
good
100%
Chorus I
100%
'til
100%
'Til
100%
you
100%
you,
100%
You
100%
your
89%
me
86%
me,
86%
where
84%
and
82%
clear
82%
for
82%
Verse 1 | Verse 2 Got
82%
got
82%
it
82%
It
82%
no
82%
want
82%
lost
80%
my
80%
of
80%
the
80%
to
80%
All
77%
all
77%
in
77%
reason
77%
then
77%
we
77%
We
77%
were
77%
what
77%
nights,
75%
nights
75%
vision
75%
Bad
73%
bad
73%
Fell
73%
hard,
73%
hard
73%
interest
73%
like
73%
black
70%
demanded,
70%
friends,
70%
perfect
70%
picture
70%
they
70%
was
70%
blue
68%
But
68%
'cause
68%
decision
68%
it's
68%
lines,
68%
lives,
68%
not
68%
past
68%
planned
68%
than
68%
until
68%
almost
66%
away
66%
Can't
66%
never
66%
stop
66%
through
66%
wanting
66%
without
66%
Crossed
64%
fallin'
64%
fightin'
64%
found
64%
funny
64%
gave
64%
had
64%
half
64%
meant
64%
more
64%
reaction
64%
somethin',
64%
thinkin',
64%
time
64%
tried
64%
walk
64%
wanted
64%
future
61%
Held
61%
listen,
61%
nice
61%
out
61%
Verse 3 Really
61%
took
61%
believe
59%
breath
59%
first
59%
landed,
59%
laughin',
59%
less
59%
palm,
59%
plannin'
59%
realized
59%
skipped
59%
that
59%
There
59%
train
59%
way
59%
choose
57%
fuller
57%
girls,
57%
sleepin'
57%
wreck
57%
happened
55%
misgivings
52%
new
52%
omission
50%
Surefire
50%
Fought
48%
premonitions
48%
No matching quizzes found
Score Distribution
Percent of People with Each Score
Percentile by Number Answered
Your Score History
You have not taken this quiz